| 000 | 00660nam a2200217 i 4500 | ||
|---|---|---|---|
| 001 | 169277 | ||
| 003 | ES-MaACL | ||
| 005 | 20230906214040.0 | ||
| 008 | 080828s1996 sp |||| | spa d | ||
| 017 | _aM-27.717-1996 | ||
| 020 | _a84-7962-090-0 | ||
| 080 | _a821.134.2(728.5)-14"19" | ||
| 100 | 1 |
_aZepeda-Henríquez, Eduardo. _9118193 |
|
| 245 | 1 | 0 |
_aResponso por el siglo vigésimo / _cEduardo Zepeda-Henríquez. |
| 260 |
_aMadrid : _bVerbum, _c1996. |
||
| 300 |
_a67 p. ; _c20 cm. |
||
| 490 | 1 | _aVerbum poesía | |
| 830 | 0 |
_aVerbum poesía _9179410 |
|
| 852 | 4 |
_aES-MaACL _jL-29648 _9R.142949 _z-Ded. autógr. del autor. |
|
| 999 |
_c169277 _d169277 |
||